Grip : the art of working smart (and getting to what matters most) /
"The week just started and already you're playing catch-up. At the end of another busy day, your to-do list is longer than it was this morning. Enter GRIP: the book for everyone who has too much to do. This fresh, no-nonsense guide brings clarity and direction to even the most hectic workw...
| Hovedforfatter: | |
|---|---|
| Andre forfattere: | , |
| Format: | Bog |
| Sprog: | English Dutch |
| Udgivet: |
London :
Thorsons,
©2019, 2022.
|
| Fag: | |
| Classic Catalogue: | View this record in Classic Catalogue |
| LEADER | 02589nam a2200385 i 4500 | ||
|---|---|---|---|
| 001 | 45125 | ||
| 003 | BD-DhAAL | ||
| 005 | 20251229124142.0 | ||
| 008 | 211001t20222019enka b 000 0 eng | ||
| 010 | |a 2020415516 | ||
| 020 | |a 9780008510572 | ||
| 035 | |a 22421090 | ||
| 040 | |a DLC |b eng |c DLC |e rda |d BD-DhAAL | ||
| 041 | 1 | |a eng |h dut | |
| 042 | |a pcc | ||
| 050 | 0 | 0 | |a HD69.T54 |b P3713 2022 |
| 082 | 1 | 4 | |a 650.11 |
| 100 | 1 | |a Pastoor, Rick, |e author. |9 60012 | |
| 240 | 1 | 0 | |a Grip. |l English |
| 245 | 1 | 0 | |a Grip : |b the art of working smart (and getting to what matters most) / |c Rick Pastoor ; translated from the Dutch by Elizabeth Manton and Erica Moore. |
| 260 | |a London : |b Thorsons, |c ©2019, 2022. | ||
| 300 | |a xiv, 287 pages : |b illustrations ; |c 22 cm | ||
| 500 | |a "First published in Dutch as Grip : het geheim van slim werken by Uitgeverij NZ in 2019."--Title page verso. | ||
| 504 | |a Includes bibliographical references. | ||
| 505 | 0 | |a GRIP and your week -- GRIP and your year -- GRIP and your life -- Bonus chapter: Keeping better notes -- Bonus chapter: GRIP on vacation -- Bonus chapter: GRIP and managing a team. | |
| 520 | |a "The week just started and already you're playing catch-up. At the end of another busy day, your to-do list is longer than it was this morning. Enter GRIP: the book for everyone who has too much to do. This fresh, no-nonsense guide brings clarity and direction to even the most hectic workweek. Using tools you know - like your calendar, to-do list, and email - GRIP walks you through working smarter, thinking bigger, and clearing the way for what matters most. And GRIP's pick-and-choose structure makes it easy to dive in and start applying what you like straightaway. So you can reclaim your time and start chasing your wildest dreams. Today"--Publisher's description. | ||
| 541 | 1 | |a Donated by Farhana Zahir, Assistant Professor, BRAC Business School, BRAC University |e 45125 | |
| 546 | |a Translated from the Dutch. | ||
| 650 | 0 | |a Time management. | |
| 650 | 0 | |a Success in business. | |
| 700 | 1 | |a Manton, Elizabeth, |e translator. |9 60013 | |
| 700 | 1 | |a Moore, Erica |c (Translator), |e translator. |9 60014 | |
| 942 | |2 ddc |c BK | ||
| 999 | |c 47687 |d 47687 | ||
| 952 | |0 0 |1 0 |2 ddc |4 0 |6 650_110000000000000_PAS |7 0 |9 78648 |a BRACUL |b BRACUL |c NEW |d 2025-12-29 |e Donated by Farhana Zahir, Assistant Professor, BRAC Business School, BRAC University |l 3 |m 8 |o 650.11 PAS |p 3010045125 |q 2026-06-02 |r 2026-04-12 |s 2026-04-12 |t 1 |w 2025-12-29 |y BK |x Donated copy received from Farhana Zahir, Assistant Professor, BRAC Business School, BRAC University on 19 November 2025; £14.99 | ||